The speeches [harvard, 1958] /

Guardado en:
Autor Principal: Ciceron, Marco Tulio
Formato: Libro
Publicado: London-cambridge, Mass. : W. Heinmann-harvard Univ. Press, 1958
Materias:
Etiquetas: Agregar Etiqueta
Sin Etiquetas, Sea el primero en etiquetar este registro!
LEADER 00721nam a22001815a 4500
001 EHU.bham010353
003 AR-BHAM
005 20100215175900.0
008 130507s1958##################000#0#####d
082 8 7 |a 875 
100 1 |a Ciceron, Marco Tulio 
245 1 0 |a The speeches [harvard, 1958] /  |c Marco Tulio Ciceron 
260 |a London-cambridge, Mass. :  |b W. Heinmann-harvard Univ. Press,  |c 1958 
300 |a 546 p. 
500 |a Trad. N.h. Watts, B.a. 
505 0 |a Pro T. Annio Milone.- In L. Calpurnium Pisonem.- Pro M. Aemilio Scauro.- Pro M. Fonteio.- Pro C. Rabirio Postumo.- Pro M. Marcello.- Pro Q. Ligario.- Pro Rege Deiotaro.- 
653 |a Oratoria latina 
859 |a AR-BHAM  |b BIB. HUMANIDADES - General  |h 875  |i C485-8  |p 204.60  |t Ej.1